Nacidos bajo el signo de Saturno: genio y temperamento de los artistas desde la antigüedad hasta la revolución francesa

Saved in:
Bibliografiske detaljer
Main Authors: Wittkower, Rudolf (Author), Wittkower, Margot (Author)
Format: Bog
Sprog:spansk
Udgivet: Madrid Cátedra 2000
Udgivelse:6a. ed
Serier:Arte Grandes Temas
Fag:
Tags: Tilføj Tag
Ingen Tags, Vær først til at tagge denne postø!

MARC

LEADER 00000nam a2200000 a 4500
001 UCK3196
003 CL-VaPUC
008 050415e20000000SP |||||||||||||||||spa|d
020 |a 8437603250 
082 0 4 |a 709.2  |b WIT  |2 21 
100 0 |a Wittkower, Rudolf  |e author  |9 491207 
700 0 |a Wittkower, Margot  |e author  |9 491208 
245 1 0 |a Nacidos bajo el signo de Saturno: genio y temperamento de los artistas desde la antigüedad hasta la revolución francesa 
250 |a 6a. ed 
300 |a 304 p 
942 |c BK 
945 |d 20050415 00:00:00  |a jcarroza 
260 |a Madrid  |b Cátedra  |c 2000 
650 0 |a Artistas   |9 262026 
650 0 |a Biografías  |9 255210 
650 0 |a Psicología   |9 257863 
583 |a last modification  |c 20050415 00:00:00  |k Rodrigo Vera 
490 0 |a Arte Grandes Temas 
999 |c 312460  |d 312458 
952 |0 0  |1 0  |4 0  |6 709_200000000000000_WIT_2000  |7 0  |8 A  |9 382858  |a BIBART  |b BIBART  |d 2019-11-21  |i 4104668  |o 709.2 WIT 2000  |p 4104668  |r 2025-03-13  |w 2019-11-21  |y BK  |k ART